=LDR 00000nam 2200000 4500 =001 INLIS000000000029685 =005 20130612131910 =008 ***********************************Ind** =035 ##$$0010-061300000029685 =041 ##$$a Ind =082 ##$$a 813.085 =090 ##$$a 813.085, Ass g =100 ##$$a Assegaf, Sayid Ahmad Abdullah =245 ##$$a Gadis garus, roman multietnik Indonesia awal abd xx, oleh Sayid Ahmad Abdullah Assegaf =260 ##$$a 2008 $b Jakarta =300 ##$$a 370 hlm, 20 cm =650 ##$$a Fiksi Indonesia =700 ##$$a yahya, Ali =850 ##$$a NBPNMAT